000 00321nam a2200121Ia 4500
008 220901s9999||||xx |||||||||||||| ||und||
082 _a575 JOS
100 _aJoshi, Amithab
245 0 _aJournal of genetics
250 _aVol. 88 Issue. 3 & 4
260 _bIndian Academy Science & Springer
_c2009
650 _aHumanities
999 _c193986
_d193986